JENAYAH RENTAS SEMPADAN PULAU BENGKALIS, SUMATERA: PERSPEKTIF PENGUATKUASAN MARITIM MALAYSIA

Bibliographic Details
Main Author: MOHD ZAHARI BIN MOHD SHOIB (Author)
Format: Book
Published: Bangi, selangor : Universiti Kebangsaan Malaysia, 2025
Subjects:
LEADER 00882cam a2200229 i 4500
001 0000150712
005 20260219090000.0
008 260219 20252025my
040 |a KPM  |b mal  |c KPM  |e rda 
090 0 0 |b MOH  |c f  |d TH  |e 2025 
100 1 |a MOHD ZAHARI BIN MOHD SHOIB  |e author 
245 1 0 |a JENAYAH RENTAS SEMPADAN PULAU BENGKALIS, SUMATERA: PERSPEKTIF PENGUATKUASAN MARITIM MALAYSIA  |c MOHD ZAHARI BIN MOHD SHOIB 
264 1 |a Bangi, selangor :  |b Universiti Kebangsaan Malaysia,  |c 2025 
300 |a xvi, 211 pages :  |b colour illustrations ;  |c 30 cm 
336 |a text  |2 rdacontent 
337 |a unmediated  |2 rdamedia 
338 |a volume  |2 rdacarrier 
504 |a Includes bibliographical references  
650 1 0 |a Dissertation academic  |z Malaysia 
650 1 0 |a Thesis  
852 1 |a 01 
999 |a TH0026883  |b KEMENTAH  |d THESIS  |e Thesis  |f Perpustakaan KEMENTAH  |j FINAL PROCESSING  |q GOOD CONDITION